00370nam a22001457a 450000500170000000800410001702000180005804100080007608200090008410000130009324500450010626000410015130000080019265000240020020160520160142.0160520b xxu||||| |||| 00| 0 eng d a81-85444-03-X aeng b3625 aR. Yaday aThermodynamics and heat engines (vol-02) aAllahabadbCentral Publishing house  a956 aDIPLOMA ENGINEERING